รวมกฎหมายไทย เล่ม 9 [ร2] (ระเบียนเลขที่ 16488)
| 000 -LEADER | |
|---|---|
| fixed length control field | 01983nam a22003977a 4500 |
| 005 - DATE AND TIME OF LATEST TRANSACTION | |
| control field | 20240814173829.0 |
| 008 - FIXED-LENGTH DATA ELEMENTS--GENERAL INFORMATION | |
| fixed length control field | m252825 th thaha d |
| 041 ## - LANGUAGE CODE | |
| Language code of text/sound track or separate title | tha |
| 090 ## - LOCALLY ASSIGNED LC-TYPE CALL NUMBER (OCLC); LOCAL CALL NUMBER (RLIN) | |
| Classification number (OCLC) (R) ; Classification number, CALL (RLIN) (NR) | KA204 ส895ร2 ล.9 |
| 100 0# - MAIN ENTRY--PERSONAL NAME | |
| Personal name | เสถียร วิชัยลักษณ์ |
| 245 10 - TITLE STATEMENT | |
| Title | รวมกฎหมายไทย เล่ม 9 [ร2] |
| 260 3# - PUBLICATION, DISTRIBUTION, ETC. | |
| Place of publication, distribution, etc. | กรุงเทพฯ : |
| Name of publisher, distributor, etc. | นีติเวชช์, |
| Date of publication, distribution, etc. | 2528-2529 |
| 300 ## - PHYSICAL DESCRIPTION | |
| Extent | 1 เล่ม : |
| Other physical details | ตาราง ; |
| Dimensions | 26 ซม. |
| 650 04 - SUBJECT ADDED ENTRY--TOPICAL TERM | |
| Topical term or geographic name entry element | แร่ (พ.ร.บ.) -- 2510 |
| 650 04 - SUBJECT ADDED ENTRY--TOPICAL TERM | |
| Topical term or geographic name entry element | กฎหมาย -- ไทย |
| 650 04 - SUBJECT ADDED ENTRY--TOPICAL TERM | |
| Topical term or geographic name entry element | กฎหมายทะเล |
| 650 04 - SUBJECT ADDED ENTRY--TOPICAL TERM | |
| Topical term or geographic name entry element | การขนส่งทางบก (พ.ร.บ.) -- 2522 |
| 650 04 - SUBJECT ADDED ENTRY--TOPICAL TERM | |
| Topical term or geographic name entry element | การท่าเรือแห่งประเทศไทย (พ.ร.บ.) -- 2494 |
| 650 04 - SUBJECT ADDED ENTRY--TOPICAL TERM | |
| Topical term or geographic name entry element | การรถไฟแห่งประเทศไทย (พ.ร.บ.) -- 2494 |
| 650 04 - SUBJECT ADDED ENTRY--TOPICAL TERM | |
| Topical term or geographic name entry element | การเดินเรือ (พ.ร.บ.) -- 2522 |
| 650 04 - SUBJECT ADDED ENTRY--TOPICAL TERM | |
| Topical term or geographic name entry element | การเดินเรือในน่านน้ำไทย (พ.ร.บ.) -- 2456 |
| 650 04 - SUBJECT ADDED ENTRY--TOPICAL TERM | |
| Topical term or geographic name entry element | ค่าภาคหลวงแร่ (พ.ร.บ.) -- 2509 |
| 650 04 - SUBJECT ADDED ENTRY--TOPICAL TERM | |
| Topical term or geographic name entry element | ดีบุก (พ.ร.บ.) -- 2514 |
| 650 04 - SUBJECT ADDED ENTRY--TOPICAL TERM | |
| Topical term or geographic name entry element | ทางหลวง (ประกาศคณะปฏิวัติ ฉบับที่ 295) -- 2515--2522 |
| 650 04 - SUBJECT ADDED ENTRY--TOPICAL TERM | |
| Topical term or geographic name entry element | ทางหลวง (พ.ร.ฎ.) -- 2523--2526 |
| 650 04 - SUBJECT ADDED ENTRY--TOPICAL TERM | |
| Topical term or geographic name entry element | ทางหลวง (พ.ร.บ.) -- 2464 |
| 650 04 - SUBJECT ADDED ENTRY--TOPICAL TERM | |
| Topical term or geographic name entry element | พาณิชย์นาวี (พ.ร.บ.) -- 2521 |
| 650 04 - SUBJECT ADDED ENTRY--TOPICAL TERM | |
| Topical term or geographic name entry element | รถไฟ (พ.ร.บ.) -- 2464 |
| 650 04 - SUBJECT ADDED ENTRY--TOPICAL TERM | |
| Topical term or geographic name entry element | เรือ -- การจอดในแม่น้ำลำคลอง (พ.ร.บ.) -- 2519 |
| 650 04 - SUBJECT ADDED ENTRY--TOPICAL TERM | |
| Topical term or geographic name entry element | เรือไทย (พ.ร.บ.) -- 2481 |
| 700 0# - ADDED ENTRY--PERSONAL NAME | |
| Personal name | เสถียร วิชัยลักษณ์ |
| 850 ## - HOLDING INSTITUTION | |
| Holding institution | NALT |
| 942 ## - ADDED ENTRY ELEMENTS (KOHA) | |
| Koha item type | Reference Book |
| 997 ## - | |
| -- | 000000000016488 |
| 998 ## - LOCAL CONTROL INFORMATION (RLIN) | |
| -- | SAIPHON DEENGAM |
| -- | 25 |
| -- | นีลวัสน์ อินทรักษา |
| Withdrawn status | Lost status | Damaged status | Not for loan | Collection code | Home library | Current library | Total Checkouts | Full call number | Barcode | Date last seen | Price effective from | Koha item type |
|---|---|---|---|---|---|---|---|---|---|---|---|---|
| Law Book collection | National Assembly Library of Thailand | National Assembly Library of Thailand | KA 204 ส895ร2 ล.9 | 3961127751 | 09/06/2017 | 09/06/2017 | Reference Book |
